000 04030cam a2200673 i 4500
001 on1224245910
003 TZ-ArACH
005 20241002135621.0
008 201123t20212021enk b 001 0 eng
010 _a 2020053247
015 _aGBC141776
_2bnb
020 _a9780367762711
_q(paperback)
020 _a0367762714
_q(paperback)
020 _z9781003166207
_q(electronic book)
035 _a(OCoLC)1224245910
040 _aDLC
_beng
_erda
_cTZ-ArACH
042 _apcc
043 _ae-uk-en
_ae-uk-wl
049 _aTZAA
050 0 0 _aK5191
_b.G67 2021
100 1 _aGorar, Mukaddes,
_eauthor.
245 1 0 _aHonour based crimes and the law :
_bdefining the limits of honour based violence and abuse /
_cMukaddes Gorar.
246 1 _aHonor based crimes and the law
260 _aLondon & New York:
_bRoutledge;
_c2021.
300 _aix, 294 pages ;
_c25 cm
504 _aIncludes bibliographical references (pages 249-292) and index.
505 0 _aTheoretical background -- Honour based oppression -- Female body mutilation -- Forced marriage -- Honour killing.
520 _a"Honour-related violence and abuse manifests itself in different forms and this book offers an exploration of this phenomenon. This book argues that the limits of honour crimes must be defined more widely so that they include conducts and behaviours that originate from the patriarchal notion of honour, such as honour-related oppression and breast ironing. The book provides a critical analysis and synthesis of the law in England and Wales and in the international human rights sphere. The relevant domestic legislation and cases are examined to reflect on whether adequate protection is provided for the victims and potential victims of honour-based violence and abuse. Since honour-based violence is a violation of human rights, the relevant international human rights law is examined to illustrate the perception of such crimes in the international arena. The effectiveness of any remedy for victims of honour-based violence and abuse depends on its capability to change deep rooted behaviours in communities with honour-related patriarchal values. This book argues that the law does not provide the effective impact required, in part due to patriarchal structures, and that more efforts should be dedicated to changes in education. It is held that there is a need for an educational programme that is especially designed to tackle violence and promote gender equality"--
650 0 _aWomen
_xCrimes against.
650 0 _aWomen
_xViolence against.
650 0 _aHonor killings
_xLaw and legislation.
650 0 _aFemale genital mutilation
_xLaw and legislation.
650 0 _aWomen (International law)
650 0 _aWomen
_xCrimes against
_zEngland.
650 0 _aWomen
_xCrimes against
_zWales.
650 0 _aWomen
_xViolence against
_zEngland.
650 0 _aWomen
_xViolence against
_zWales.
650 0 _aWomen
_xCrimes against
_zGreat Britain.
650 2 _aCrime Victims
650 6 _aFemmes
_xCrimes contre.
_915539
650 6 _aFemmes
_xViolence envers.
650 6 _aFemmes (Droit international)
650 6 _aFemmes
_xCrimes contre
_zGrande-Bretagne.
650 6 _aFemmes
_xViolence envers
_zGrande-Bretagne.
650 6 _aFemmes
_xCrimes contre
_zAngleterre.
650 6 _aFemmes
_xCrimes contre
_zPays de Galles.
650 6 _aFemmes
_xViolence envers
_zAngleterre.
650 6 _aFemmes
_xViolence envers
_zPays de Galles.
650 7 _aFemale genital mutilation
_xLaw and legislation
_2fast
650 7 _aHonor killings
_xLaw and legislation
_2fast
650 7 _aWomen
_xCrimes against
_2fast
650 7 _aWomen
_xViolence against
_2fast
650 7 _aWomen (International law)
_2fast
651 7 _aWales
_2fast
651 7 _aEngland
_2fast
_914506
651 7 _aGreat Britain
_2fast
776 0 8 _iOnline version:
_aGorar, Mukaddes.
_tHonour based crimes and the law.
_dLondon ; New York : Routledge, Taylor & Francis Group, 2021
_z9781003166207
_w(DLC) 2020053248
_w(OCoLC)1225193473
942 _2lcc
_cBOOK
999 _c7342
_d7342